[Event "Grand Swiss "]
[Date "2025.09.11"]
[White "Sevian, Samuel"]
[Black "Gumularz, Szymon"]
[WhiteElo "2692"]
[BlackElo "2590"]
[Round "7.7.16"]
[Result "1/2-1/2"]

1. d4 {[%clk 01:40:52] [%emt 00:00:07]} d5 {[%clk 01:40:53] [%emt 00:00:07]} 2.
c4 {[%clk 01:41:13] [%emt 00:00:09]} c6 {[%clk 01:41:17] [%emt 00:00:06]} 3. Nf3
{[%clk 01:41:37] [%emt 00:00:07]} Nf6 {[%clk 01:41:41] [%emt 00:00:06]} 4. Nc3
{[%clk 01:42:02] [%emt 00:00:05]} e6 {[%clk 01:42:02] [%emt 00:00:08]} 5. Bg5
{[%clk 01:42:27] [%emt 00:00:05]} h6 {[%clk 01:42:21] [%emt 00:00:11]} 6. Bh4
{[%clk 01:42:49] [%emt 00:00:09]} Be7 {[%clk 01:42:44] [%emt 00:00:07]} 7. e3
{[%clk 01:43:01] [%emt 00:00:18]} O-O {[%clk 01:43:05] [%emt 00:00:07]} 8. Qc2
{[%clk 01:43:19] [%emt 00:00:14]} Nbd7 {[%clk 01:43:27] [%emt 00:00:08]} 9. a3
{[%clk 01:43:40] [%emt 00:00:09]} Ne8 {[%clk 01:43:15] [%emt 00:00:41]} 10. Bg3
{[%clk 01:42:41] [%emt 00:01:30]} Nd6 {[%clk 01:43:07] [%emt 00:00:36]} 11. cxd5
{[%clk 01:40:46] [%emt 00:02:26]} cxd5 {[%clk 01:39:53] [%emt 00:03:44]} 12. Bd3
{[%clk 01:32:29] [%emt 00:08:47]} Nf6 {[%clk 01:40:04] [%emt 00:00:19]} 13. O-O
{[%clk 01:12:30] [%emt 00:20:29]} Bd7 {[%clk 01:39:51] [%emt 00:00:42]} 14. Bxd6
{[%clk 01:09:00] [%emt 00:04:00]} Bxd6 {[%clk 01:40:11] [%emt 00:00:10]} 15. Qe2
{[%clk 01:09:01] [%emt 00:00:29]} Qb8 {[%clk 01:30:39] [%emt 00:10:02]} 16. g3
{[%clk 00:57:52] [%emt 00:11:39]} Bc6 {[%clk 01:21:42] [%emt 00:09:27]} 17. Nh4
{[%clk 00:57:48] [%emt 00:00:34]} e5 {[%clk 01:09:17] [%emt 00:12:55]} 18. Nf5
{[%clk 00:57:34] [%emt 00:00:44]} Re8 {[%clk 00:53:47] [%emt 00:15:59]} 19. Nxd6
{[%clk 00:37:49] [%emt 00:20:15]} Qxd6 {[%clk 00:54:12] [%emt 00:00:05]} 20. Nb5
{[%clk 00:38:14] [%emt 00:00:05]} Bxb5 {[%clk 00:53:50] [%emt 00:00:52]} 21.
Bxb5 {[%clk 00:38:37] [%emt 00:00:07]} Re7 {[%clk 00:54:05] [%emt 00:00:14]} 22.
dxe5 {[%clk 00:38:54] [%emt 00:00:13]} Qxe5 {[%clk 00:54:03] [%emt 00:00:32]}
23. Rfe1 {[%clk 00:35:24] [%emt 00:04:00]} Rc8 {[%clk 00:50:52] [%emt 00:03:40]}
24. Rac1 {[%clk 00:33:43] [%emt 00:02:11]} Rec7 {[%clk 00:48:47] [%emt
00:02:35]} 25. Rxc7 {[%clk 00:33:37] [%emt 00:00:36]} Rxc7 {[%clk 00:49:14]
[%emt 00:00:04]} 26. Rd1 {[%clk 00:33:55] [%emt 00:00:12]} Ne4 {[%clk 00:42:42]
[%emt 00:07:02]} 27. Bd3 {[%clk 00:29:18] [%emt 00:05:07]} g6 {[%clk 00:32:16]
[%emt 00:10:56]} 28. Bb1 {[%clk 00:27:25] [%emt 00:02:23]} Kg7 {[%clk 00:25:17]
[%emt 00:07:29]} 29. Kg2 {[%clk 00:24:38] [%emt 00:03:16]} h5 {[%clk 00:23:31]
[%emt 00:02:17]} 30. h4 {[%clk 00:19:13] [%emt 00:05:55]} Nf6 {[%clk 00:23:34]
[%emt 00:00:27]} 31. Qd2 {[%clk 00:14:47] [%emt 00:04:56]} Rc6 {[%clk 00:22:10]
[%emt 00:01:55]} 32. Qd4 {[%clk 00:10:02] [%emt 00:05:15]} Qxd4 {[%clk 00:19:48]
[%emt 00:02:52]} 33. exd4 {[%clk 00:09:44] [%emt 00:00:48]} Ne8 {[%clk 00:15:29]
[%emt 00:04:48]} 1/2-1/2

[Site "Europe Echecs"]

[Event "Grand Swiss "]
[Date "2025.09.11"]
[White "Henriquez Villagra, Cristobal"]
[Black "Vitiugov, Nikita"]
[WhiteElo "2594"]
[BlackElo "2666"]
[Round "7.7.19"]
[Result "1/2-1/2"]

1. d4 {[%clk 01:40:57] [%emt 00:00:02]} Nf6 {[%clk 01:40:38] [%emt 00:00:22]} 2.
Nf3 {[%clk 01:41:20] [%emt 00:00:06]} e6 {[%clk 01:37:16] [%emt 00:03:53]} 3.
Bf4 {[%clk 01:40:13] [%emt 00:01:37]} h6 {[%clk 01:35:39] [%emt 00:02:08]} 4. c4
{[%clk 01:28:52] [%emt 00:11:50]} Bb4+ {[%clk 01:35:06] [%emt 00:01:03]} 5. Nbd2
{[%clk 01:25:43] [%emt 00:03:39]} d6 {[%clk 01:32:38] [%emt 00:02:58]} 6. e3
{[%clk 01:13:54] [%emt 00:12:19]} Qe7 {[%clk 01:29:05] [%emt 00:04:03]} 7. h3
{[%clk 01:11:05] [%emt 00:03:19]} Nc6 {[%clk 01:26:21] [%emt 00:03:15]} 8. Bh2
{[%clk 01:09:34] [%emt 00:02:00]} a5 {[%clk 01:21:30] [%emt 00:05:22]} 9. Be2
{[%clk 01:07:17] [%emt 00:02:47]} e5 {[%clk 01:08:52] [%emt 00:13:08]} 10. O-O
{[%clk 01:02:15] [%emt 00:05:31]} O-O {[%clk 01:03:58] [%emt 00:05:24]} 11. Nb1
{[%clk 00:52:53] [%emt 00:09:52]} e4 {[%clk 00:59:46] [%emt 00:04:43]} 12. a3
{[%clk 00:47:29] [%emt 00:05:54]} exf3 {[%clk 00:55:22] [%emt 00:04:53]} 13.
Bxf3 {[%clk 00:47:54] [%emt 00:00:05]} Bf5 {[%clk 00:46:05] [%emt 00:09:48]} 14.
axb4 {[%clk 00:44:54] [%emt 00:03:29]} Nxb4 {[%clk 00:32:00] [%emt 00:14:35]}
15. Bxb7 {[%clk 00:39:55] [%emt 00:05:29]} Rab8 {[%clk 00:31:30] [%emt
00:01:01]} 16. Bf3 {[%clk 00:39:03] [%emt 00:01:22]} Bc2 {[%clk 00:25:07] [%emt
00:06:53]} 17. Qd2 {[%clk 00:34:47] [%emt 00:04:45]} Ne4 {[%clk 00:22:47] [%emt
00:02:50]} 18. Bxe4 {[%clk 00:34:40] [%emt 00:00:37]} Qxe4 {[%clk 00:23:06]
[%emt 00:00:12]} 19. Na3 {[%clk 00:29:03] [%emt 00:06:07]} Bb3 {[%clk 00:21:56]
[%emt 00:01:40]} 20. Rfc1 {[%clk 00:23:42] [%emt 00:05:51]} Qd3 {[%clk 00:16:25]
[%emt 00:06:00]} 21. Qc3 {[%clk 00:22:40] [%emt 00:01:31]} a4 {[%clk 00:16:07]
[%emt 00:00:48]} 22. Bg3 {[%clk 00:11:56] [%emt 00:11:14]} Qg6 {[%clk 00:13:00]
[%emt 00:03:37]} 23. Qd2 {[%clk 00:10:43] [%emt 00:01:43]} Qd3 {[%clk 00:12:41]
[%emt 00:00:49]} 24. Qc3 {[%clk 00:11:02] [%emt 00:00:11]} Qg6 {[%clk 00:13:03]
[%emt 00:00:08]} 25. Re1 {[%clk 00:08:18] [%emt 00:03:13]} Rfe8 {[%clk 00:09:24]
[%emt 00:04:10]} 26. Re2 {[%clk 00:08:28] [%emt 00:00:20]} Qh5 {[%clk 00:08:30]
[%emt 00:01:23]} 27. Rae1 {[%clk 00:07:43] [%emt 00:01:15]} Bd1 {[%clk 00:05:32]
[%emt 00:03:29]} 28. Rd2 {[%clk 00:08:08] [%emt 00:00:05]} Na2 {[%clk 00:05:25]
[%emt 00:00:37]} 29. Qd3 {[%clk 00:08:15] [%emt 00:00:22]} Nb4 {[%clk 00:05:46]
[%emt 00:00:08]} 30. Qb1 {[%clk 00:06:46] [%emt 00:01:59]} Bb3 {[%clk 00:06:14]
[%emt 00:00:03]} 31. d5 {[%clk 00:05:26] [%emt 00:01:49]} Na6 {[%clk 00:04:13]
[%emt 00:02:31]} 32. e4 {[%clk 00:02:42] [%emt 00:03:14]} Nc5 {[%clk 00:03:50]
[%emt 00:00:53]} 33. Re3 {[%clk 00:03:07] [%emt 00:00:04]} Re7 {[%clk 00:02:47]
[%emt 00:01:33]} 34. Rde2 {[%clk 00:03:10] [%emt 00:00:28]} Rbe8 {[%clk
00:02:31] [%emt 00:00:46]} 35. Qe1 {[%clk 00:02:45] [%emt 00:00:54]} Kh7 {[%clk
00:02:11] [%emt 00:00:50]} 36. Kh2 {[%clk 00:03:04] [%emt 00:00:11]} f6 {[%clk
00:01:36] [%emt 00:01:06]} 37. f3 {[%clk 00:03:21] [%emt 00:00:13]} Qf7 {[%clk
00:01:59] [%emt 00:00:07]} 38. Bf2 {[%clk 00:03:27] [%emt 00:00:24]} Nd7 {[%clk
00:01:35] [%emt 00:00:54]} 39. Qb1 {[%clk 00:01:36] [%emt 00:02:20]} Kg8 {[%clk
00:01:57] [%emt 00:00:07]} 40. Qd3 {[%clk 00:01:45] [%emt 00:00:21]} Ne5 {[%clk
00:01:13] [%emt 00:01:15]} 41. Qd4 {[%clk 00:46:54] [%emt 00:05:20]} Rd7 {[%clk
00:36:22] [%emt 00:15:21]} 42. f4 {[%clk 00:38:43] [%emt 00:08:41]} Ng6 {[%clk
00:33:03] [%emt 00:03:49]} 43. Bg3 {[%clk 00:38:57] [%emt 00:00:16]} Rde7 {[%clk
00:30:35] [%emt 00:02:58]} 44. f5 {[%clk 00:33:04] [%emt 00:06:23]} Ne5 {[%clk
00:25:06] [%emt 00:05:59]} 45. Bxe5 {[%clk 00:33:07] [%emt 00:00:26]} Rxe5
{[%clk 00:24:14] [%emt 00:01:22]} 46. Nb5 {[%clk 00:28:13] [%emt 00:05:24]} c5
{[%clk 00:22:29] [%emt 00:02:15]} 47. dxc6 {[%clk 00:20:30] [%emt 00:08:13]}
Qxc4 {[%clk 00:22:14] [%emt 00:00:46]} 48. Qxc4+ {[%clk 00:13:52] [%emt
00:07:08]} Bxc4 {[%clk 00:22:32] [%emt 00:00:11]} 49. Nxd6 {[%clk 00:14:18]
[%emt 00:00:04]} Bxe2 {[%clk 00:22:55] [%emt 00:00:07]} 50. Nxe8 {[%clk
00:13:30] [%emt 00:01:18]} Bb5 {[%clk 00:21:33] [%emt 00:01:52]} 51. Nd6 {[%clk
00:04:13] [%emt 00:09:47]} Bxc6 {[%clk 00:21:49] [%emt 00:00:14]} 52. Kg3 {[%clk
00:04:02] [%emt 00:00:41]} Kf8 {[%clk 00:17:07] [%emt 00:05:12]} 53. Kf4 {[%clk
00:04:04] [%emt 00:00:28]} Ke7 {[%clk 00:15:23] [%emt 00:02:14]} 54. Rd3 {[%clk
00:04:30] [%emt 00:00:04]} Rc5 {[%clk 00:13:42] [%emt 00:02:11]} 55. Rd2 {[%clk
00:04:50] [%emt 00:00:10]} Rc1 {[%clk 00:12:38] [%emt 00:01:35]} 56. Kg4 {[%clk
00:04:17] [%emt 00:01:03]} Bd7 {[%clk 00:07:39] [%emt 00:05:28]} 57. Kh5 {[%clk
00:04:33] [%emt 00:00:14]} Rc6 {[%clk 00:07:30] [%emt 00:00:39]} 58. Nb5 {[%clk
00:04:56] [%emt 00:00:07]} Rc4 {[%clk 00:07:07] [%emt 00:00:54]} 59. Nd4 {[%clk
00:05:20] [%emt 00:00:06]} Be8+ {[%clk 00:05:25] [%emt 00:02:11]} 60. Kg4 {[%clk
00:05:46] [%emt 00:00:04]} Bd7 {[%clk 00:05:36] [%emt 00:00:20]} 61. Kf4 {[%clk
00:06:01] [%emt 00:00:13]} Rc1 {[%clk 00:04:34] [%emt 00:01:32]} 62. Ne2 {[%clk
00:04:15] [%emt 00:02:17]} Rc4 {[%clk 00:02:51] [%emt 00:02:13]} 63. g4 {[%clk
00:04:01] [%emt 00:00:44]} Bc6 {[%clk 00:00:56] [%emt 00:02:25]} 64. Nd4 {[%clk
00:04:26] [%emt 00:00:05]} Bd7 {[%clk 00:13:12] [%emt 00:03:14]} 65. h4 {[%clk
00:19:44] [%emt 00:00:12]} Rc1 {[%clk 00:12:57] [%emt 00:00:45]} 66. Nf3 {[%clk
00:18:02] [%emt 00:02:12]} Bc6 {[%clk 00:11:57] [%emt 00:01:31]} 67. g5 {[%clk
00:17:15] [%emt 00:01:16]} hxg5+ {[%clk 00:11:30] [%emt 00:00:57]} 68. hxg5
{[%clk 00:17:35] [%emt 00:00:10]} Rc4 {[%clk 00:11:29] [%emt 00:00:32]} 69. Re2
{[%clk 00:17:20] [%emt 00:00:45]} fxg5+ {[%clk 00:07:54] [%emt 00:04:05]} 70.
Nxg5 {[%clk 00:17:41] [%emt 00:00:08]} Rb4 {[%clk 00:04:43] [%emt 00:03:41]} 71.
Rc2 {[%clk 00:10:02] [%emt 00:08:09]} Bd7 {[%clk 00:04:52] [%emt 00:00:21]} 72.
Nh7 {[%clk 00:07:11] [%emt 00:03:21]} Be8 {[%clk 00:03:12] [%emt 00:02:10]} 73.
Ng5 {[%clk 00:05:22] [%emt 00:02:18]} g6 {[%clk 00:02:26] [%emt 00:01:17]} 74.
Rc7+ {[%clk 00:02:15] [%emt 00:03:38]} Kd6 {[%clk 00:02:31] [%emt 00:00:25]} 75.
Rc8 {[%clk 00:02:41] [%emt 00:00:03]} gxf5 {[%clk 00:02:39] [%emt 00:00:22]} 76.
Rxe8 {[%clk 00:02:45] [%emt 00:00:26]} fxe4 {[%clk 00:02:39] [%emt 00:00:30]}
77. Rd8+ {[%clk 00:03:07] [%emt 00:00:08]} Ke7 {[%clk 00:02:17] [%emt 00:00:52]}
78. Rd2 {[%clk 00:03:33] [%emt 00:00:04]} e3+ {[%clk 00:02:35] [%emt 00:00:12]}
79. Kxe3 {[%clk 00:03:59] [%emt 00:00:04]} Rb3+ {[%clk 00:03:03] [%emt
00:00:03]} 1/2-1/2

[Site "Europe Echecs"]

[Event "Grand Swiss "]
[Date "2025.09.11"]
[White "Saric, Ivan"]
[Black "Bartel, Mateusz"]
[WhiteElo "2655"]
[BlackElo "2581"]
[Round "7.7.20"]
[Result "1/2-1/2"]

1. e4 {[%clk 01:40:57] [%emt 00:00:02]} e5 {[%clk 01:40:54] [%emt 00:00:06]} 2.
Nf3 {[%clk 01:41:23] [%emt 00:00:05]} Nc6 {[%clk 01:41:16] [%emt 00:00:08]} 3.
Bb5 {[%clk 01:41:42] [%emt 00:00:10]} a6 {[%clk 01:41:39] [%emt 00:00:08]} 4.
Ba4 {[%clk 01:42:08] [%emt 00:00:04]} Nf6 {[%clk 01:42:02] [%emt 00:00:07]} 5.
O-O {[%clk 01:42:32] [%emt 00:00:06]} Be7 {[%clk 01:42:27] [%emt 00:00:05]} 6.
Bxc6 {[%clk 01:40:15] [%emt 00:02:48]} dxc6 {[%clk 01:41:45] [%emt 00:01:11]} 7.
d3 {[%clk 01:40:42] [%emt 00:00:03]} Nd7 {[%clk 01:39:21] [%emt 00:02:54]} 8.
Nc3 {[%clk 01:40:48] [%emt 00:00:24]} O-O {[%clk 01:37:07] [%emt 00:02:44]} 9.
Be3 {[%clk 01:40:43] [%emt 00:00:35]} a5 {[%clk 01:32:11] [%emt 00:05:26]} 10.
a4 {[%clk 01:40:21] [%emt 00:00:52]} Re8 {[%clk 01:25:00] [%emt 00:07:40]} 11.
Ne2 {[%clk 01:28:59] [%emt 00:11:53]} Bf8 {[%clk 01:15:56] [%emt 00:09:33]} 12.
Nd2 {[%clk 01:26:10] [%emt 00:03:18]} Nc5 {[%clk 01:13:01] [%emt 00:03:25]} 13.
Nc4 {[%clk 01:25:36] [%emt 00:01:06]} f6 {[%clk 01:02:08] [%emt 00:11:22]} 14.
Kh1 {[%clk 01:24:29] [%emt 00:01:37]} Be6 {[%clk 00:59:07] [%emt 00:03:31]} 15.
b3 {[%clk 01:24:31] [%emt 00:00:29]} Bf7 {[%clk 00:59:10] [%emt 00:00:26]} 16.
Ng3 {[%clk 01:20:00] [%emt 00:05:01]} Ne6 {[%clk 00:57:30] [%emt 00:02:10]} 17.
Nf5 {[%clk 01:13:23] [%emt 00:07:07]} Qd7 {[%clk 00:51:35] [%emt 00:06:24]} 18.
Bd2 {[%clk 00:58:41] [%emt 00:15:13]} b6 {[%clk 00:48:35] [%emt 00:03:30]} 19.
Qg4 {[%clk 00:56:44] [%emt 00:02:26]} Kh8 {[%clk 00:34:41] [%emt 00:14:25]} 20.
Qh4 {[%clk 00:55:35] [%emt 00:01:39]} Bb4 {[%clk 00:30:54] [%emt 00:04:16]} 21.
Rad1 {[%clk 00:37:14] [%emt 00:18:52]} b5 {[%clk 00:28:25] [%emt 00:02:59]} 22.
Nce3 {[%clk 00:35:04] [%emt 00:02:40]} Bf8 {[%clk 00:27:15] [%emt 00:01:41]} 23.
Bc3 {[%clk 00:28:26] [%emt 00:07:08]} Nf4 {[%clk 00:22:57] [%emt 00:04:48]} 24.
f3 {[%clk 00:22:10] [%emt 00:06:46]} b4 {[%clk 00:21:44] [%emt 00:01:43]} 25.
Bd2 {[%clk 00:20:03] [%emt 00:02:37]} Rad8 {[%clk 00:15:54] [%emt 00:06:20]} 26.
Ng4 {[%clk 00:16:22] [%emt 00:04:12]} Ng6 {[%clk 00:12:37] [%emt 00:03:47]} 27.
Qg3 {[%clk 00:16:45] [%emt 00:00:06]} Be6 {[%clk 00:12:57] [%emt 00:00:10]} 28.
Nh4 {[%clk 00:14:36] [%emt 00:02:39]} Nxh4 {[%clk 00:07:44] [%emt 00:05:44]} 29.
Qxh4 {[%clk 00:15:02] [%emt 00:00:04]} Bxb3 {[%clk 00:08:09] [%emt 00:00:05]}
30. cxb3 {[%clk 00:15:09] [%emt 00:00:22]} Qxd3 {[%clk 00:08:37] [%emt
00:00:02]} 31. Nxf6 {[%clk 00:03:55] [%emt 00:11:43]} gxf6 {[%clk 00:09:01]
[%emt 00:00:06]} 32. Bh6 {[%clk 00:00:43] [%emt 00:03:41]} Qxd1 {[%clk 00:09:18]
[%emt 00:00:13]} 33. Qxf6+ {[%clk 00:01:10] [%emt 00:00:03]} Kg8 {[%clk
00:09:43] [%emt 00:00:05]} 34. Qg5+ {[%clk 00:01:37] [%emt 00:00:04]} Kh8 {[%clk
00:09:40] [%emt 00:00:33]} 35. Qf6+ {[%clk 00:01:59] [%emt 00:00:08]} Kg8 {[%emt
00:00:03]} 1/2-1/2

[Site "Europe Echecs"]

[Event "Grand Swiss "]
[Date "2025.09.11"]
[White "Gurel, Ediz"]
[Black "Gukesh D"]
[WhiteElo "2631"]
[BlackElo "2767"]
[Round "7.7.21"]
[Result "1-0"]

1. e4 {[%clk 01:40:56] [%emt 00:00:03]} c6 {[%clk 01:40:53] [%emt 00:00:07]} 2.
d4 {[%clk 01:41:14] [%emt 00:00:13]} d5 {[%clk 01:41:18] [%emt 00:00:05]} 3. e5
{[%clk 01:41:33] [%emt 00:00:12]} Bf5 {[%clk 01:41:41] [%emt 00:00:06]} 4. h4
{[%clk 01:41:51] [%emt 00:00:12]} h5 {[%clk 01:42:03] [%emt 00:00:08]} 5. c4
{[%clk 01:42:04] [%emt 00:00:17]} e6 {[%clk 01:42:26] [%emt 00:00:07]} 6. Nc3
{[%clk 01:42:19] [%emt 00:00:15]} Ne7 {[%clk 01:42:34] [%emt 00:00:22]} 7. Nge2
{[%clk 01:42:25] [%emt 00:00:24]} Nd7 {[%clk 01:42:56] [%emt 00:00:08]} 8. Ng3
{[%clk 01:42:46] [%emt 00:00:08]} Bg6 {[%clk 01:43:20] [%emt 00:00:06]} 9. Bg5
{[%clk 01:43:06] [%emt 00:00:10]} Qb6 {[%clk 01:43:25] [%emt 00:00:25]} 10. Rc1
{[%clk 01:43:24] [%emt 00:00:12]} f6 {[%clk 01:39:45] [%emt 00:04:10]} 11. exf6
{[%clk 01:40:39] [%emt 00:03:15]} gxf6 {[%clk 01:40:10] [%emt 00:00:06]} 12. Be3
{[%clk 01:40:59] [%emt 00:00:10]} Qxb2 {[%clk 01:40:29] [%emt 00:00:10]} 13.
cxd5 {[%clk 01:40:08] [%emt 00:01:22]} Nxd5 {[%clk 01:40:53] [%emt 00:00:07]}
14. Nxd5 {[%clk 01:40:31] [%emt 00:00:06]} exd5 {[%clk 01:41:17] [%emt
00:00:05]} 15. Bd3 {[%clk 01:40:52] [%emt 00:00:09]} Bb4+ {[%clk 01:41:39] [%emt
00:00:09]} 16. Kf1 {[%clk 01:41:12] [%emt 00:00:10]} Bxd3+ {[%clk 01:42:01]
[%emt 00:00:08]} 17. Qxd3 {[%clk 01:41:37] [%emt 00:00:06]} O-O-O {[%clk
01:42:19] [%emt 00:00:11]} 18. Rb1 {[%clk 01:41:43] [%emt 00:00:24]} Qa3 {[%clk
01:41:04] [%emt 00:01:45]} 19. Rb3 {[%clk 01:41:50] [%emt 00:00:23]} Qa4 {[%clk
01:41:26] [%emt 00:00:08]} 20. Kg1 {[%clk 01:42:03] [%emt 00:00:17]} Bd6 {[%clk
01:41:01] [%emt 00:00:55]} 21. Nf5 {[%clk 01:36:44] [%emt 00:05:49]} Bc7 {[%clk
01:41:23] [%emt 00:00:08]} 22. g3 {[%clk 01:33:33] [%emt 00:03:40]} Nb6 {[%clk
01:37:36] [%emt 00:04:16]} 23. Kg2 {[%clk 01:23:20] [%emt 00:10:43]} Nc4 {[%clk
01:34:57] [%emt 00:03:09]} 24. Rhb1 {[%clk 00:59:25] [%emt 00:24:25]} b6 {[%clk
01:26:01] [%emt 00:09:26]} 25. a3 {[%clk 00:52:26] [%emt 00:07:29]} Rde8 {[%clk
01:17:54] [%emt 00:08:37]} 26. Bh6 {[%clk 00:50:09] [%emt 00:02:47]} Re4 {[%clk
01:05:59] [%emt 00:12:25]} 27. Qd1 {[%clk 00:40:57] [%emt 00:09:42]} Na5 {[%clk
00:56:51] [%emt 00:09:38]} 28. Rf3 {[%clk 00:39:19] [%emt 00:02:07]} Qxd1 {[%clk
00:56:55] [%emt 00:00:26]} 29. Rxd1 {[%clk 00:39:44] [%emt 00:00:04]} Rh7 {[%clk
00:51:50] [%emt 00:05:36]} 30. Bg7 {[%clk 00:34:25] [%emt 00:05:49]} Re6 {[%clk
00:50:47] [%emt 00:01:33]} 31. Bf8 {[%clk 00:32:52] [%emt 00:02:04]} Nc4 {[%clk
00:30:53] [%emt 00:20:23]} 32. Ng7 {[%clk 00:29:02] [%emt 00:04:19]} Re2 {[%clk
00:28:50] [%emt 00:02:34]} 33. Kf1 {[%clk 00:28:31] [%emt 00:01:01]} Rd2 {[%clk
00:16:45] [%emt 00:12:35]} 34. Re1 {[%clk 00:25:03] [%emt 00:03:58]} Rxd4 {[%clk
00:17:09] [%emt 00:00:06]} 35. Rxf6 {[%clk 00:23:34] [%emt 00:01:59]} c5 {[%clk
00:06:07] [%emt 00:11:31]} 36. Rf5 {[%clk 00:18:26] [%emt 00:05:39]} Nd2+ {[%clk
00:05:30] [%emt 00:01:08]} 37. Kg2 {[%clk 00:18:46] [%emt 00:00:10]} Ne4 {[%clk
00:02:59] [%emt 00:03:01]} 38. Nxh5 {[%clk 00:15:59] [%emt 00:03:17]} c4 {[%clk
00:01:46] [%emt 00:01:43]} 39. Nf6 {[%clk 00:12:51] [%emt 00:03:38]} Nxf6 {[%clk
00:01:50] [%emt 00:00:26]} 40. Rxf6 {[%clk 00:13:17] [%emt 00:00:04]} Rd3 {[%clk
00:01:07] [%emt 00:01:12]} 41. h5 {[%clk 00:49:51] [%emt 00:13:56]} Bd8 {[%clk
00:36:59] [%emt 00:14:38]} 42. Rf5 {[%clk 00:49:35] [%emt 00:00:46]} c3 {[%clk
00:36:18] [%emt 00:01:12]} 43. h6 {[%clk 00:47:54] [%emt 00:02:11]} d4 {[%clk
00:36:13] [%emt 00:00:35]} 44. Rc1 {[%clk 00:38:54] [%emt 00:09:29]} Rd2 {[%clk
00:30:00] [%emt 00:06:43]} 45. Kf1 {[%clk 00:32:34] [%emt 00:06:50]} Be7 {[%clk
00:18:26] [%emt 00:12:05]} 46. g4 {[%clk 00:31:39] [%emt 00:01:25]} Bxa3 {[%clk
00:13:00] [%emt 00:05:57]} 47. Bxa3 {[%clk 00:31:37] [%emt 00:00:31]} Rxh6
{[%clk 00:13:25] [%emt 00:00:05]} 48. g5 {[%clk 00:30:52] [%emt 00:01:14]} Rg6
{[%clk 00:13:21] [%emt 00:00:35]} 49. Kg2 {[%clk 00:25:08] [%emt 00:06:14]} Rg7
{[%clk 00:09:06] [%emt 00:04:45]} 50. Bd6 {[%clk 00:23:03] [%emt 00:02:34]} a5
{[%clk 00:08:37] [%emt 00:00:59]} 51. Bf4 {[%clk 00:23:04] [%emt 00:00:29]} Rd3
{[%clk 00:08:48] [%emt 00:00:20]} 52. Rb1 {[%clk 00:22:40] [%emt 00:00:54]} 1-0

[Site "Europe Echecs"]